ESSENTIAL dental public health
Guardat en:
| Autor principal: | |
|---|---|
| Format: | Llibre |
| Idioma: | anglès |
| Publicat: |
Oxford University Press
2013
|
| Etiquetes: |
Afegir etiqueta
Sense etiquetes, Sigues el primer a etiquetar aquest registre!
|
MARC
| LEADER | 00000nam a22000007a 4500 | ||
|---|---|---|---|
| 008 | 201217b ||||| |||| 00| 0 eng d | ||
| 020 | |a 978-0-19-967937-9 | ||
| 100 | |a DALY, Blánaid … [et al.] | ||
| 245 | |a ESSENTIAL dental public health |c Blánaid Daly… [et al. |g vii, 252p.; ill. | ||
| 250 | |b 2nd ed | ||
| 260 | |b Oxford University Press |c 2013 |h Oxford |i 685077 |l RK52 .Es7 |m Dental public health. |m Public health, Dentistry | ||
| 500 | |a It includes bibliographical references and index | ||
| 942 | |a lcc |c BK |e ADEYEYE Y. S. |f 17/12/2020 | ||
| 952 | |0 0 |1 0 |2 lcc |4 0 |6 RK0052 E S7 |7 0 |9 668 |a HOL |b HOL |c QZ |d 2020-12-17 |l 0 |o RK52 .Es7 |p 2020-22985 |r 2020-12-17 00:00:00 |w 2020-12-17 |y BK | ||
| 999 | |c 371 |d 371 | ||